000 00581nab a2200229 a 4500
001 59215
003 131051
005 20201118105613.0
008 ||||||n9999 ||| || ||
041 _aspa
245 0 _aDatos, a la bodega :
_bpp.128-132
260 _aBogotá :
_bPDINE,
_c1998.
562 _e0
650 _aADMINISTRACÍÓN DE LA INFORMACIÓN
650 _aANALISIS DE TENDENCIA
650 _aBANCOS DE DATOS
650 _aCOMPETITIVIDAD
650 _aEMPRESAS PRIVADAS
650 _aSISTEMAS DE INFORMACIÓN
773 _096349
_aDinero
942 _cSART
999 _c59215
_d59215